पहचान नहीं है हमें / (Record no. 37249)

MARC details
000 -LEADER
fixed length control field 01020nam a22002297a 4500
005 - DATE AND TIME OF LATEST TRANSACTION
control field 20100722151311.0
010 ## - LCCN (DPL NO)
LC control number HIN-89736
020 ## - INTERNATIONAL STANDARD BOOK NUMBER
International Standard Book Number 8189271067
Terms of availability 90.00
035 ## - SYSTEM CONTROL NUMBER
System control number HN-62082
037 ## - SOURCE OF ACQUISITION
Source of stock number/acquisition DBAD/PUB
082 ## - DEWEY DECIMAL CLASSIFICATION NUMBER
Classification number 821
100 ## - MAIN ENTRY--PERSONAL NAME
Personal name गर्ग, आंनद स्वरूप
245 ## - TITLE STATEMENT
Title पहचान नहीं है हमें /
Statement of responsibility, etc आंनद स्वरूप गर्ग
246 ## - VARYING FORM OF TITLE
Title proper/short title Pahchan nahi hai hamain
Remainder of title by Aanand Swaroop Garg
260 ## - PUBLICATION, DISTRIBUTION, ETC. (IMPRINT)
Place of publication, distribution, etc नई दिल्ली
Name of publisher, distributor, etc विनस बुक्स
Date of publication, distribution, etc 2010
270 ## - ADDRESS
Address ई-206, न्यू राजेन्द्र नगर
City नई दिल्ली
Postal code 110060
300 ## - PHYSICAL DESCRIPTION
Extent 79पृ.
Dimensions 22सेमी.(सजिल्द)
650 ## - SUBJECT ADDED ENTRY--TOPICAL TERM
Topical term or geographic name as entry element हिन्दी कविता
650 ## - SUBJECT ADDED ENTRY--TOPICAL TERM
Topical term or geographic name as entry element Hindi Poetry
942 ## - ADDED ENTRY ELEMENTS (KOHA)
Source of classification or shelving scheme Dewey Decimal Classification
Item type Hindi Books
Classification part 821
Call number suffix गर्गआं
Holdings
Withdrawn status Lost status Not for loan Collection code Home library Current library Date acquired Source of acquisition Cost, normal purchase price Full call number Barcode Copy number Cost, replacement price Koha item type
    Not For Loan Non-fiction D.B.Act.Division D.B.Act.Division 22/07/2010 DBAD/PUB 90.00 821 गर्गआं HN-62082 1 90.00 Hindi Books

© Delhi Public Library
Hit Counter
free hit counter